|
|
|
|
| LEADER |
00000nab a2200000 ar4500 |
| 001 |
vtls009941416 |
| 003 |
SK-MaSNL |
| 005 |
20260303045139.0 |
| 008 |
090820c2009 xo |||||||||||000 b|eng |
| 015 |
|
|
|a SNBRB2009/08
|2 snkbucl
|
| 038 |
|
|
|a SNKBUCL
|
| 040 |
|
|
|a SNKBUCL
|b slo
|c SNKBUCL
|e AACR2
|
| 041 |
1 |
|
|a eng
|b eng
|b slo
|
| 044 |
|
|
|a xo
|c SK
|
| 080 |
|
|
|a 635.13
|2 1997
|
| 245 |
0 |
0 |
|a Effects of minibeds on agro-physical properties of carrot roots
|c Ondrej Ponjičan ... [et al.]
|
| 246 |
3 |
1 |
|a Vplyv zvýšených záhonov na agro-fyzikálne vlastnosti koreňov mrkvy
|
| 300 |
|
|
|b Obr., tab.
|
| 504 |
|
|
|a Bibliogr. odkazy
|
| 546 |
|
|
|a Res. angl., slov.
|
| 650 |
0 |
7 |
|a mrkva
|2 snkbucl
|9 1068
|
| 650 |
0 |
7 |
|a korene rastlín
|2 snkbucl
|9 42186
|
| 650 |
0 |
7 |
|a záhony
|2 snkbucl
|9 422773
|
| 700 |
1 |
|
|a Ponjičan, Ondrej
|4 aut
|9 778958
|
| 700 |
1 |
|
|a Bajkin, Andelko
|4 aut
|9 1035323
|
| 700 |
1 |
|
|a Đurovka, Mihal
|4 aut
|9 800594
|
| 700 |
1 |
|
|a Somer, Deže
|4 aut
|9 1035324
|
| 773 |
0 |
|
|t Acta horticulturae et regiotecturae
|g Roč. 12, Mimoriadne číslo (2009), s. 213-216
|x 1335-2563
|
| 852 |
|
|
|a SNK
|b KIS3GCP
|
| 958 |
|
|
|a NB
|
| 999 |
|
|
|c 1702739
|d 1704669
|